Memorias

Đã lưu trong:
Chi tiết về thư mục
Tác giả chính: Maurois, André
Định dạng: Sách
Ngôn ngữ:Undetermined
Được phát hành: Barcelona, España Plaza - Janes 1971
Những chủ đề:
Các nhãn: Thêm thẻ
Không có thẻ, Là người đầu tiên thẻ bản ghi này!

MARC

LEADER 00000nam a2200000Ia 4500
008 170316s9999 xx 000 0 und d
040 |a cru BVZT 
090 |a 840 M-|6m 
100 |a Maurois, André 
245 |a Memorias 
260 |a Barcelona, España 
260 |b Plaza - Janes 
260 |c 1971 
300 |a 490 páginas 
650 |a LITERATURA FRANCESA 
999 |c 7774  |d 7774 
942 |c 15 D  |h 840 M-|6m  |2 z